The new supply chain agenda : the five steps that drive real value.
| Main Author: | |
|---|---|
| Other Authors: | , |
| Format: | Book |
| Published: |
Boston,Massachusetts:
Harvard Business Press,
2010.
|
| Subjects: |
| LEADER | 00518cam a2200169 7i4500 | ||
|---|---|---|---|
| 001 | 0000027229 | ||
| 005 | 20120126090000.0 | ||
| 020 | 0 | 0 | |a 9781422149362 |
| 090 | 0 | 0 | |a B 658.7 |b SLO |
| 100 | 1 | 0 | |a Slone |
| 245 | 1 | 0 | |a The new supply chain agenda : |b the five steps that drive real value. |
| 260 | 0 | 0 | |a Boston,Massachusetts: |b Harvard Business Press, |c 2010. |
| 300 | # | # | |a 216p. |
| 650 | 0 | 0 | |a Business logistics |
| 700 | 1 | 0 | |a Dittmann, |h J.Paul |
| 700 | 1 | 0 | |a Mentzer, |h John T. |
| 999 | |a B000029868 |b Book |c Book |e Business Information Centre | ||


